| 000 | 00705nam a2200205Ia 4500 | ||
|---|---|---|---|
| 001 | 4659 | ||
| 003 | GE_BSU | ||
| 008 | 181216s||||||||xx |||||||||||||| ||und|| | ||
| 040 | _cGE_BSU | ||
| 080 | _a662.73+662.74(07) | ||
| 100 | _aПечуро,Н.С. Капкин,В.Д. Песин,О.Ю. | ||
| 245 | _aХимия и технология синтетического жидкого топлива и газа. | ||
| 245 | _cРед. Н.И.Урывалова. | ||
| 260 | _aМ. | ||
| 260 | _bХимия. | ||
| 260 | _c1986. | ||
| 300 | _a352 cтр. с илл. 22cм. | ||
| 653 | _aХимия и технология синтетического жидкого топлива и газа. | ||
| 942 | _cBK | ||
| 999 |
_c38558 _d38558 |
||